| 000 | 00465nam a2200157 i 4500 | ||
|---|---|---|---|
| 001 | 36617 | ||
| 003 | ES-MaACL | ||
| 005 | 20230906155414.0 | ||
| 007 | t| | ||
| 008 | 030218s1911 fr ||||1| fre d | ||
| 100 | 1 |
_aBuat, E. _932265 |
|
| 245 | 1 | 2 |
_aL'artillerie de campagne _b: sou histoire, sou evolution, sou Etat actuel / _cpar E. Buat. |
| 260 |
_a[S.l. : _bs.n., _c1911] ( _eEvreux : _fCh. Herissey) |
||
| 300 |
_a347 p. ; _c18 cm. |
||
| 852 |
_aES-MaACL _jD-1282 |
||
| 999 |
_c36617 _d36617 |
||